Forum internacional: La revitalización urbana en América Latina y Europa. El caso de Montevideo

Tallennettuna:
Bibliografiset tiedot
Päätekijät: Ceccarelli, Paolo (Tekijä), Ave, Gastono (Tekijä), Bervejillo, Federico (Tekijä)
Aineistotyyppi: Kirja
Kieli:espanja
Julkaistu: Roma Instituto Ítalo-Latino Americano 2003
Sarja:Cuadernos IILA
Serie Cooperación, 20
Aiheet:
Tagit: Lisää tagi
Ei tageja, Lisää ensimmäinen tagi!

MARC

LEADER 00000nam a2200000 a 4500
001 UCK4240
003 CL-VaPUC
005 20211030074308.0
008 050527e20031000it 1 spa d
082 0 4 |a 711.1  |b CEC  |2 21 
100 |a Ceccarelli, Paolo  |e author  |9 620720 
700 1 |a Ave, Gastono  |e author  |9 620721 
700 1 |a Bervejillo, Federico  |e author  |9 620722 
245 1 0 |a Forum internacional: La revitalización urbana en América Latina y Europa. El caso de Montevideo 
260 |a Roma  |b Instituto Ítalo-Latino Americano  |c 2003 
300 |a 323 p 
490 0 |a Cuadernos IILA 
490 0 |a Serie Cooperación, 20 
583 |a last modification  |c 20190823 10:47:53  |k Rodrigo Vera 
650 0 0 |a Planificación urbana   |9 258176 
650 0 0 |a Urbanismo  |9 255208 
651 0 |a América Latina   |9 255027 
651 0 |a Europa  |9 255156 
942 |c BK 
945 |a jcarroza  |d 20050527 00:00:00 
546 |a En Español 
536 |a Instituto Ítalo-Latino Americano 
518 |p Forum internacional, 1, Montevideo, 10-12 de diciembre de 2002 
999 |c 384129  |d 384127 
952 |0 0  |1 0  |4 0  |6 711_100000000000000_CEC_2003  |7 0  |8 A  |9 506604  |a BIBARQ  |b BIBARQ  |d 2020-01-23  |i 409462K  |o 711.1 CEC 2003  |p 409462K  |r 2025-01-20  |w 2020-01-23  |y BK  |k ARQ